OPAC Home

කිරට හඩපු දරුවෝ සමග සම්මාන දිනූ කෙටි නාට්‍ය අටක් (Record no. 1685)

MARC details
000 -LEADER
fixed length control field 00561nam a2200169Ia 4500
008 - FIXED-LENGTH DATA ELEMENTS--GENERAL INFORMATION
fixed length control field 180921t2016 xxu||||| |||| 00| 0 sin d
041 ## - LANGUAGE CODE
Language code of text/sound track or separate title sin
080 ## - UNIVERSAL DECIMAL CLASSIFICATION NUMBER
Universal Decimal Classification number X8ස2
Item number GAJ
003 - CONTROL NUMBER IDENTIFIER
control field LK-CoDNM
040 ## - CATALOGING SOURCE
Original cataloging agency LK-CoDNM
Modifying agency LK-CoDNM
Description conventions LK-CoDNM
100 ## - MAIN ENTRY--PERSONAL NAME
Personal name Gajanayake,Leel Ananda
245 ## - TITLE STATEMENT
Title කිරට හඩපු දරුවෝ සමග සම්මාන දිනූ කෙටි නාට්‍ය අටක්
246 ## - VARYING FORM OF TITLE
Title proper/short title Kirata Hadapu Daruwo Samaga Sammana Dinu Keti Natya Atak
260 ## - PUBLICATION, DISTRIBUTION, ETC.
Name of publisher, distributor, etc. Godage
Place of publication, distribution, etc. Colombo
Date of publication, distribution, etc. 2016
300 ## - PHYSICAL DESCRIPTION
Other physical details 176p, 22cm
942 ## - ADDED ENTRY ELEMENTS (KOHA)
Koha item type Books
Holdings
Withdrawn status Lost status Damaged status Not for loan Collection Home library Current library Date acquired Full call number Barcode Date last seen Price effective from Koha item type
        Monographs Library National Museum Colombo - Sri Lanka Library National Museum Colombo - Sri Lanka 2018-05-11 X8ස2 GAJ 165552 2023-06-01 2023-06-01 Books
Copyright © 2023 Department of National Museum, Colombo 07, Sri Lanka Funded by UNESCO IFAP UNESCO